Statistiques concernant Classement Liga 2013-2014

Cliquez ici pour prendre le quiz!

Statistiques générales

  • Ce quiz a été pris 199 fois
  • Le résultat moyen est 13 sur 20

Statistiques - réponses

HintRéponse% Correct
2eFC Barcelone
100%
3eReal Madrid
100%
1erAtletico Madrid
98%
5eSéville CF
94%
20eBétis Séville
89%
8eValence CF
84%
4eAthletic Club Bilbao
80%
7eReal Sociedad
78%
6eVillareal CF
76%
11eMalaga
66%
13eGetafe
58%
15eGrenade
53%
14eEspanyol Barcelone
51%
9eCelta Vigo
49%
19eReal Valladolid
48%
10eLevante
45%
18eOsasuna
45%
16eElche
41%
12eRayo Vallecano
37%
17eAlmeria
35%

Distribution des résultats

Percentile par nombre de réponses

% des personnes avec chaque résultat

Votre développement - résultats

Vous n’avez pas pris ce quiz